[Event "32. Kieler Open 2019 B-Open"]
[Site "Kiel"]
[Date "2019.07.31"]
[Round "7.18"]
[White "Christensen, Mats"]
[Black "Tran, Duc Huy"]
[Result "1-0"]
[WhiteElo "1543"]
[BlackElo "1451"]
[Annotator "HAD"]
[PlyCount "59"]
[EventDate "2019.??.??"]
[WhiteTeam "SK Doppelbauer Kiel"]
[BlackTeam "SC Agon Neumünster"]

1. d4 d5 2. c4 e6 3. Nc3 Nf6 4. cxd5 exd5 5. Bg5 c6 6. e3 Bf5 7. Qf3 Bg6 8.
Bxf6 Qxf6 9. Qxf6 gxf6 10. Nf3 Bh6 11. Be2 O-O 12. Nh4 Nd7 13. Nxg6 fxg6 14.
O-O Rfe8 15. Bd3 Re7 16. b4 b5 17. a4 bxa4 18. Rxa4 Nb6 19. Ra6 Rc7 20. Rfa1
Bf8 21. Rxb6 Re8 22. Rba6 Bxb4 23. Na4 c5 24. Nxc5 Rec8 25. Rxa7 Bxc5 26. Rxc7
Rxc7 27. dxc5 Rxc5 28. Rd1 Kg7 29. Be2 Rc2 30. Bf3 1-0

[Event "32. Kieler Open 2019 B-Open"]
[Site "Kiel"]
[Date "2019.07.31"]
[Round "7.19"]
[White "Sowa, Uwe"]
[Black "Salwasser, Andrej"]
[Result "1/2-1/2"]
[WhiteElo "1520"]
[BlackElo "1287"]
[Annotator "HAD"]
[PlyCount "52"]
[EventDate "2019.??.??"]
[WhiteTeam "Kiel"]
[BlackTeam "SC Rastatt"]

1. d4 d5 2. Nc3 Nf6 3. Bf4 e6 4. e3 Be7 5. Bd3 Nbd7 6. Nb5 Bb4+ 7. Nc3 c5 8.
dxc5 Nxc5 9. a3 Bxc3+ 10. bxc3 O-O 11. Nf3 Qa5 12. O-O Qxc3 13. Be5 Qa5 14.
Bxf6 gxf6 15. Nd4 Nxd3 16. cxd3 f5 17. f4 Kh8 18. Rf3 Rg8 19. Rh3 Rg7 20. Nf3
Bd7 21. Ne5 Ba4 22. Qh5 Be8 23. Qh6 b5 24. g4 fxg4 25. Rg3 Qb6 26. d4 f5
1/2-1/2

[Event "32. Kieler Open 2019 B-Open"]
[Site "Kiel"]
[Date "2019.07.31"]
[Round "7.20"]
[White "Diederichs, Karl"]
[Black "Neubert, Conrad"]
[Result "1-0"]
[WhiteElo "1445"]
[BlackElo "1094"]
[Annotator "HAD"]
[PlyCount "36"]
[EventDate "2019.??.??"]
[WhiteTeam "SK Lehrte"]
[BlackTeam "SF Schwerin"]

1. d4 d5 2. e3 c5 3. c3 Nf6 4. Bd3 e6 5. Nd2 Nc6 6. f4 b6 7. Ngf3 Bb7 8. O-O
Ne7 9. Ne5 Nc8 10. Bb5+ Ke7 11. Bc6 Qc7 12. Qa4 Nd6 13. Bxb7 Nxb7 14. Nc6+ Kd6
15. Nxa7 Qb8 16. Qc6+ Ke7 17. Nb5 Ne8 18. Qxb6 Ra6 1-0

[Event "32. Kieler Open 2019 B-Open"]
[Site "Kiel"]
[Date "2019.07.31"]
[Round "7.21"]
[White "Priemer, Sören Gregor"]
[Black "Wirtjes, Edzard"]
[Result "0-1"]
[WhiteElo "1393"]
[BlackElo "1601"]
[Annotator "HAD"]
[PlyCount "120"]
[EventDate "2019.??.??"]
[WhiteTeam "SC Agon Neumünster"]
[BlackTeam "VfR Heisfelde"]

1. e4 c5 2. Nf3 d6 3. d4 cxd4 4. Nxd4 Nf6 5. Nc3 g6 6. Bc4 Bg7 7. O-O O-O 8.
Re1 Bd7 9. Nf3 Nc6 10. Nd5 h6 11. Nxf6+ Bxf6 12. Bxh6 Bxb2 13. Bxf8 Bxa1 14.
Qxa1 Qxf8 15. e5 dxe5 16. Nxe5 Nxe5 17. Qxe5 e6 18. Bb3 Bc6 19. h3 Rd8 20. Qe3
a6 21. a4 Bd5 22. Qe2 Bc6 23. Qg4 Kg7 24. Qg3 Qc5 25. Qe5+ Qxe5 26. Rxe5 Rd1+
27. Kh2 Ra1 28. a5 Kf6 29. Rc5 Ke7 30. f4 Rf1 31. Rc4 Rf2 32. Rxc6 bxc6 33. Kg3
Rf1 34. Bc4 Ra1 35. Bxa6 Rxa5 36. Bd3 Ra3 37. h4 Kf6 38. Kf3 c5 39. Kf2 Ke7 40.
Ke2 Kd6 41. Kf2 Kd5 42. Be2 Rc3 43. Bd1 Kd4 44. g3 f5 45. Kg2 Ke3 46. g4 Kxf4
47. gxf5 exf5 48. Kf2 Rh3 49. Kg2 Rxh4 50. c4 Ke3 51. Kg3 Rxc4 52. Bf3 Rg4+ 53.
Bxg4 fxg4 54. Kxg4 c4 55. Kg5 c3 56. Kxg6 c2 57. Kf6 c1=Q 58. Ke6 Ke4 59. Kd6
Qc4 60. Ke7 Ke5 0-1

[Event "32. Kieler Open 2019 B-Open"]
[Site "Kiel"]
[Date "2019.07.31"]
[Round "7.24"]
[White "Turp, Hüseyin"]
[Black "Schulz, Jale"]
[Result "1-0"]
[WhiteElo "1620"]
[BlackElo "933"]
[Annotator "HAD"]
[PlyCount "77"]
[EventDate "2019.??.??"]
[WhiteTeam "Oberhausener SV"]
[BlackTeam "Raisdorfer SG"]

1. d4 Nf6 2. Bf4 g6 3. e3 d5 4. Be2 Bf5 5. Nd2 Nc6 6. c3 a6 7. Ngf3 Bg7 8. h4
h5 9. Ne5 Nxe5 10. Bxe5 O-O 11. O-O Qd7 12. g3 Bh3 13. Re1 Qc6 14. Kh2 Qd7 15.
Nf3 Ne4 16. Kg1 Bxe5 17. Nxe5 Qf5 18. Nf3 e6 19. Bd3 c6 20. Rc1 b5 21. Rc2 Rfd8
22. Ng5 Bg4 23. f3 Bxf3 24. Nxf3 Qh3 25. Bxe4 dxe4 26. Ne5 Qxg3+ 27. Rg2 Qxh4
28. Rf1 c5 29. Rf4 Qh3 30. Qe1 cxd4 31. cxd4 Rac8 32. Rxf7 Rf8 33. Rxg6+ Kh8
34. Rg3 Qh4 35. Rxf8+ Kh7 36. Rxc8 Qe7 37. Qc1 Qh4 38. Qc7+ Kh6 39. Qg7# 1-0

[Event "32. Kieler Open 2019 B-Open"]
[Site "Kiel"]
[Date "2019.07.31"]
[Round "7.25"]
[White "Suliga, Eckhard"]
[Black "Kathage, Holger"]
[Result "0-1"]
[WhiteElo "1682"]
[BlackElo "1662"]
[Annotator "HAD"]
[PlyCount "79"]
[EventDate "2019.??.??"]
[WhiteTeam "SC Turm Lüneburg"]
[BlackTeam "VSF Flintbek"]

1. e4 c5 2. Nf3 d6 3. d4 cxd4 4. Nxd4 Nf6 5. Nc3 a6 6. Bg5 e6 7. f4 Be7 8. Qf3
Nbd7 9. O-O-O Qc7 10. g4 O-O 11. Bg2 Rb8 12. h4 b5 13. Bxf6 Bxf6 14. g5 Bxd4
15. Rxd4 b4 16. Ne2 Nc5 17. Kb1 Bb7 18. Ng3 a5 19. f5 Rfc8 20. Rd2 d5 21. Qe3
Qe5 22. fxe6 fxe6 23. Re1 Na4 24. Qb3 Nxb2 25. Rde2 Nc4 26. Nf1 Na3+ 27. Kc1 d4
28. Qb2 Rc3 29. Rd1 Nc4 30. Qa1 Rd8 31. Rd3 Qf4+ 32. Nd2 Ne5 33. Rh3 Ba6 34.
Re1 Nd3+ 35. Kd1 Nxe1 36. Kxe1 Rxh3 37. Bxh3 Qg3+ 38. Kd1 Qxh3 39. Kc1 Qh1+ 40.
Kb2 0-1

[Event "32. Kieler Open 2019 B-Open"]
[Site "Kiel"]
[Date "2019.07.31"]
[Round "7.26"]
[White "Möller, Rainer"]
[Black "Lawrenz, Norbert"]
[Result "1-0"]
[WhiteElo "1349"]
[BlackElo "1434"]
[Annotator "HAD"]
[PlyCount "69"]
[EventDate "2019.??.??"]
[WhiteTeam "SV Büsum"]
[BlackTeam "Zitadelle Spandau"]

1. e4 e6 2. d4 d5 3. exd5 exd5 4. Nf3 Nf6 5. g3 Be7 6. Bg2 O-O 7. O-O b6 8. Re1
Bg4 9. c3 Qd7 10. Nbd2 Re8 11. Nf1 c5 12. Ne3 Bh5 13. Qd2 Ne4 14. Qc2 f6 15.
Nd2 Nxd2 16. Qxd2 Bf7 17. Qd1 Nc6 18. Ng4 Bh5 19. Bh3 f5 20. Nh6+ gxh6 21. Qxh5
Rf8 22. Bxh6 Rf6 23. Bg5 Rf7 24. Bxe7 Nxe7 25. Re2 Raf8 26. f4 cxd4 27. cxd4
Rg7 28. Qf3 Qd6 29. Rae1 Ng6 30. Kh1 Re7 31. Rxe7 Nxe7 32. Qe2 Kf7 33. Qh5+ Kg8
34. Qg5+ Kh8 35. Qxe7 1-0

[Event "32. Kieler Open 2019 B-Open"]
[Site "Kiel"]
[Date "2019.07.31"]
[Round "7.27"]
[White "Astaev, Tobias"]
[Black "Solodky, Willy"]
[Result "1/2-1/2"]
[WhiteElo "1202"]
[BlackElo "1483"]
[Annotator "HAD"]
[PlyCount "38"]
[EventDate "2019.??.??"]
[WhiteTeam "Raisdorfer SG"]
[BlackTeam "Itzehoer SV"]

1. e4 e5 2. Nf3 Nc6 3. Bc4 Bc5 4. Nc3 Nf6 5. Ng5 O-O 6. d3 h6 7. Nxf7 Rxf7 8.
Bxf7+ Kxf7 9. O-O a6 10. Be3 Nd4 11. f4 Kg8 12. fxe5 Nh7 13. Ne2 Nxe2+ 14. Qxe2
Bxe3+ 15. Qxe3 d6 16. exd6 Qxd6 17. Rf3 c5 18. Qf4 Qxf4 19. Rxf4 Be6 1/2-1/2

[Event "32. Kieler Open 2019 B-Open"]
[Site "Kiel"]
[Date "2019.07.31"]
[Round "7.28"]
[White "Plöger, Elke"]
[Black "Stolzenwald, Frank"]
[Result "1/2-1/2"]
[WhiteElo "1424"]
[BlackElo "1307"]
[Annotator "HAD"]
[PlyCount "31"]
[EventDate "2019.??.??"]
[WhiteTeam "SG Jasmund"]
[BlackTeam "SF Hamburg"]

1. e4 e5 2. Nf3 d6 3. Nc3 c5 4. Nd5 Ne7 5. c4 Nxd5 6. cxd5 Be7 7. a3 a5 8. Bb5+
Bd7 9. Bxd7+ Qxd7 10. O-O Na6 11. d3 O-O 12. Ng5 b5 13. b3 b4 14. h3 Bxg5 15.
Bxg5 Nc7 16. a4 1/2-1/2

[Event "32. Kieler Open 2019 B-Open"]
[Site "Kiel"]
[Date "2019.07.31"]
[Round "7.30"]
[White "Brühl, Rainer"]
[Black "Sari, Onur"]
[Result "0-1"]
[WhiteElo "1353"]
[BlackElo "1162"]
[Annotator "HAD"]
[PlyCount "48"]
[EventDate "2019.??.??"]
[WhiteTeam "SC Sottrum"]
[BlackTeam "SC Agon Neumünster"]

1. d4 d5 2. Bf4 Nc6 3. e3 g6 4. c4 e6 5. cxd5 exd5 6. Bd3 Bg7 7. Nf3 Qe7 8. O-O
Nf6 9. Bb5 O-O 10. Bxc6 bxc6 11. Nbd2 Ne4 12. Qc2 Bb7 13. Nxe4 dxe4 14. Ne5 c5
15. Rad1 cxd4 16. exd4 c5 17. Qxc5 Qxc5 18. dxc5 Rac8 19. Ng4 f5 20. Ne3 Ba6
21. Rfe1 Bxb2 22. Nd5 g5 23. Bxg5 Rxc5 24. Nf6+ Bxf6 {Notation nicht
nachvollziehbar} 0-1

[Event "32. Kieler Open 2019 B-Open"]
[Site "Kiel"]
[Date "2019.07.31"]
[Round "7.31"]
[White "Lauzening, Rene"]
[Black "Wellßow, Lio Keanu"]
[Result "0-1"]
[WhiteElo "1047"]
[BlackElo "1184"]
[Annotator "HAD"]
[PlyCount "94"]
[EventDate "2019.??.??"]
[WhiteTeam "Raisdorfer SG"]
[BlackTeam "SG Jasmund"]

1. e4 c5 2. c3 Nc6 3. Bb5 d5 4. Bxc6+ bxc6 5. d3 d4 6. Nf3 Bg4 7. Na3 Nf6 8. e5
Nd5 9. c4 Nb4 10. b3 e6 11. O-O Be7 12. Qe2 O-O 13. h3 Bh5 14. Qe4 Bg6 15. Qg4
Nxd3 16. Rd1 Qa5 17. Rxd3 Bxd3 18. Nb1 Bxb1 19. Bd2 Qxa2 20. Rxa2 Bxa2 21. Bh6
g6 22. Bxf8 Rxf8 23. Nd2 Ra8 24. Qd1 Bg5 25. Qc2 Bxd2 26. Qxa2 Bb4 27. Qa6 Rd8
28. Qxc6 d3 29. Qf3 d2 30. Qd1 Rd4 31. g3 Re4 32. Qxd2 Bxd2 33. f3 Rxe5 34. f4
Re3 35. Kg2 Rxb3 36. g4 Bxf4 37. g5 Bxg5 38. h4 Bxh4 39. Kf1 a5 40. Ke2 a4 41.
Kd2 a3 42. Kc2 Rb2+ 43. Kd3 a2 44. Ke4 f6 45. Kf4 a1=Q 46. Kg4 h6 47. Kf4 Re2
0-1

[Event "32. Kieler Open 2019 B-Open"]
[Site "Kiel"]
[Date "2019.07.31"]
[Round "7.33"]
[White "Frahm, Ben Jonas"]
[Black "Klich, Mirko"]
[Result "0-1"]
[WhiteElo "776"]
[BlackElo "1294"]
[Annotator "HAD"]
[PlyCount "90"]
[EventDate "2019.??.??"]
[WhiteTeam "Raisdorfer SG"]
[BlackTeam "SC Rochade Zeulenroda"]

1. e4 d6 2. d4 Nf6 3. Nc3 Nbd7 4. Nf3 e5 5. Be3 Be7 6. Bd3 c6 7. O-O Qc7 8. Bc4
h6 9. d5 Nf8 10. dxc6 bxc6 11. b3 Ng6 12. Qd2 Ng4 13. Rfd1 Nh4 14. Nxh4 Nxe3
15. Qxe3 Bxh4 16. g3 Be7 17. Qf3 O-O 18. Qe2 Bd7 19. Rd3 Qc8 20. b4 Bh3 21. Bb3
Kh8 22. Nd1 f5 23. Rc3 f4 24. Ba4 c5 25. bxc5 dxc5 26. Rd3 c4 27. Rd7 Bxd7 28.
Bxd7 Qxd7 29. Qxc4 f3 30. Rb1 Rac8 31. Qa6 Bc5 32. Ne3 Bxe3 33. fxe3 f2+ 34.
Kg2 Rxc2 35. Rf1 Rd2 36. Qa3 Qf7 37. Qc3 Rxa2 38. Qxe5 Qf6 39. Qd5 Ra1 40. Qc4
Rxf1 41. Kxf1 Qa1+ 42. Ke2 f1=Q+ 43. Kd2 Qf2+ 44. Qe2 Qb2+ 45. Kd3 Qfxe2# 0-1

[Event "32. Kieler Open 2019 B-Open"]
[Site "Kiel"]
[Date "2019.08.01"]
[Round "8.1"]
[White "Jarosch, Wolfram"]
[Black "Bendixen, Matthes"]
[Result "1-0"]
[WhiteElo "1691"]
[BlackElo "1645"]
[Annotator "PH"]
[PlyCount "89"]
[EventDate "2019.??.??"]

1. e4 e6 2. d4 d5 3. Nc3 Bb4 4. e5 c5 5. a3 Bxc3+ 6. bxc3 Ne7 7. Qg4 Ng6 8. Bd3
Qc7 9. Bd2 Nc6 10. Nf3 c4 11. Be2 Bd7 12. Bg5 Rg8 13. Nh4 Ncxe5 14. dxe5 Qxe5
15. Bd2 O-O-O 16. Nxg6 hxg6 17. Qd4 Qxd4 18. cxd4 Ba4 19. c3 f6 20. Bf4 g5 21.
Bg3 f5 22. Be5 Rd7 23. Kd2 Re7 24. Rab1 b6 25. Rb4 Bc6 26. a4 Rb7 27. a5 b5 28.
a6 Rb6 29. Ra1 Kd7 30. Rbb1 Kc8 31. Bd6 Kd7 32. Bc5 Rbb8 33. Bxa7 Ra8 34. Bc5
Rh8 35. h3 g6 36. a7 Rhe8 37. g3 Rh8 38. Rh1 Rh7 39. Ke3 e5 40. dxe5 d4+ 41.
Bxd4 Bxh1 42. Rxh1 g4 43. h4 Ke6 44. Ra1 g5 45. hxg5 1-0

[Event "32. Kieler Open 2019 B-Open"]
[Site "Kiel"]
[Date "2019.08.01"]
[Round "8.2"]
[White "Hentrop, Malte"]
[Black "Plichta, Hans-Reiner"]
[Result "1-0"]
[WhiteElo "1805"]
[BlackElo "1765"]
[Annotator "PH"]
[PlyCount "117"]
[EventDate "2019.??.??"]

1. d4 Nf6 2. c4 g6 3. Nc3 d5 4. cxd5 Nxd5 5. e4 Nxc3 6. bxc3 Bg7 7. Bb5+ Bd7 8.
Bxd7+ Nxd7 9. Nf3 c5 10. O-O cxd4 11. cxd4 O-O 12. Rb1 b6 13. Bf4 Rc8 14. Qe2
e5 15. dxe5 Qe8 16. Qa6 Nxe5 17. Nxe5 Bxe5 18. Bxe5 Qxe5 19. Qxa7 Ra8 20. Qxb6
Rxa2 21. f3 Rfa8 22. Rf2 R2a6 23. Qb2 Qc5 24. Rc1 Qe3 25. Qc3 Qb6 26. Qc5 Qd8
27. Rfc2 Ra5 28. Qe3 Ra3 29. Rc3 Ra2 30. Rd3 Qa5 31. Rcd1 Ra1 32. Rxa1 Qxa1+
33. Kf2 Qb1 34. Rd2 h5 35. Qg5 Ra1 36. Kg3 Qb8+ 37. e5 Ra8 38. Qf6 Qe8 39. Kh4
Qa4+ 40. Kg5 Qa3 41. Rd8+ Rxd8 42. Qxd8+ Kg7 43. Qf6+ Kg8 44. f4 Qc5 45. Kh6
Qf8+ 46. Kg5 Qc5 47. g3 Qb4 48. Qd8+ Kg7 49. Qf6+ Kg8 50. Qd6 Qa5 51. Kf6 Qa8
52. e6 Qa1+ 53. Qe5 Qa6 54. Kg5 fxe6 55. Kxg6 Qd3+ 56. Kxh5 Qh7+ 57. Kg5 Qe7+
58. Qf6 Qc5+ 59. Kh6 1-0

[Event "32. Kieler Open 2019 B-Open"]
[Site "Kiel"]
[Date "2019.08.01"]
[Round "8.3"]
[White "Schulze, Lukas"]
[Black "Behrendt, Matthias"]
[Result "0-1"]
[WhiteElo "1724"]
[BlackElo "1747"]
[Annotator "PH"]
[PlyCount "72"]
[EventDate "2019.??.??"]

1. Nf3 d6 2. d4 Nd7 3. c4 e5 4. dxe5 dxe5 5. Nc3 c6 6. g3 Be7 7. Bg2 Ngf6 8.
O-O O-O 9. b3 Qc7 10. Bb2 Re8 11. Qc2 Nf8 12. Ne4 Ng6 13. Rfd1 Bg4 14. Rd2 Bb4
15. Nxf6+ gxf6 16. Rdd1 Bc5 17. h3 Bxf3 18. Bxf3 e4 19. Bxe4 Qxg3+ 20. Bg2
Bxf2+ 21. Kh1 Nf4 22. Rg1 Bxg1 23. Rxg1 Nxe2 24. Qf5 Re6 25. Rf1 Qh4 26. Rf3
Ng3+ 27. Rxg3+ Qxg3 28. Be4 Qe1+ 29. Kh2 Qxe4 30. Qc5 Qe2+ 31. Kh1 Qf1+ 32. Kh2
Re2+ 33. Kg3 Rg2+ 34. Kh4 Qf4+ 35. Kh5 Rg5+ 36. Kh6 Qh4# 0-1

[Event "32. Kieler Open 2019 B-Open"]
[Site "Kiel"]
[Date "2019.08.01"]
[Round "8.4"]
[White "Noreisch, Reiner"]
[Black "Johlke, Lorenz"]
[Result "0-1"]
[WhiteElo "1602"]
[BlackElo "1602"]
[Annotator "PH"]
[PlyCount "110"]
[EventDate "2019.??.??"]

1. c4 f5 2. g3 g6 3. Bg2 Bg7 4. Nc3 d6 5. d3 c6 6. e4 Nf6 7. Nge2 e5 8. h3 Qc7
9. b4 Be6 10. a4 Nbd7 11. Be3 O-O 12. Qc2 Kh8 13. O-O Rfc8 14. exf5 Bxf5 15. g4
Be6 16. f4 exf4 17. Nxf4 Bg8 18. g5 Ne8 19. h4 d5 20. Nce2 dxc4 21. dxc4 Bxa1
22. Rxa1 Bf7 23. Qc3+ Kg8 24. Bd4 Nf8 25. Bh3 Rd8 26. Be5 Qe7 27. Ng3 Ne6 28.
Bxe6 Bxe6 29. Re1 Qf7 30. c5 Bg4 31. Qa1 Qb3 32. Nfe2 Bxe2 33. Nxe2 Qe3+ 34.
Kf1 {=} 34... Qf3+ 35. Kg1 Rd2 36. Qc3 Qxc3 37. Bxc3 Rd3 38. Kf2 Rad8 39. Ba1
Rd1 40. b5 Rxe1 41. Kxe1 cxb5 42. axb5 Rc8 43. Bd4 Ng7 44. c6 bxc6 45. bxc6 a6
46. Bxg7 Kxg7 47. Nd4 Kf7 48. Kd2 Ke7 49. Kc3 Kd6 50. Kc4 Rxc6+ 51. Nxc6 Kxc6
52. Kb4 Kd5 53. Ka5 Ke4 54. Kxa6 Kf4 55. Kb5 Kg4 0-1

[Event "32. Kieler Open 2019 B-Open"]
[Site "Kiel"]
[Date "2019.08.01"]
[Round "8.5"]
[White "Götz, Dirk"]
[Black "Wieser, Hans-Joachim"]
[Result "1-0"]
[WhiteElo "1766"]
[BlackElo "1556"]
[Annotator "PH"]
[PlyCount "42"]
[EventDate "2019.??.??"]

1. d4 d5 2. Nf3 Nc6 3. e3 Bf5 4. Bd3 e6 5. Bxf5 exf5 6. O-O Nf6 7. b3 Bd6 8. c4
dxc4 9. bxc4 Qd7 10. Bb2 Na5 11. Nbd2 Ne4 12. Qc2 Nxd2 13. Nxd2 O-O 14. d5 Rfe8
15. Nf3 f6 16. Rad1 Re4 17. Nd2 Rg4 18. f4 Re8 19. c5 Bf8 20. e4 fxe4 21. Nxe4
Qf5 1-0

[Event "32. Kieler Open 2019 B-Open"]
[Site "Kiel"]
[Date "2019.08.01"]
[Round "8.6"]
[White "Johlke, Lukas"]
[Black "Suliga, Eckhard"]
[Result "1/2-1/2"]
[WhiteElo "1584"]
[BlackElo "1682"]
[Annotator "PH"]
[PlyCount "80"]
[EventDate "2019.??.??"]

1. e4 e6 2. d4 d5 3. exd5 exd5 4. Bd3 Bd6 5. Nf3 Ne7 6. O-O Bg4 7. c3 Qd7 8.
Nbd2 Nbc6 9. Re1 O-O 10. Qc2 Bf5 11. Nf1 Bxd3 12. Qxd3 Qf5 13. Qxf5 Nxf5 14. g4
Nfe7 15. Bd2 Rfe8 16. Ne5 f6 17. Nxc6 Nxc6 18. Ng3 g6 19. f4 Kf7 20. Kf2 Rxe1
21. Rxe1 Re8 22. Rxe8 Kxe8 23. h4 Ne7 24. Be3 Kf7 25. h5 Ke6 26. hxg6 hxg6 27.
Kf3 c6 28. Ne2 b5 29. Nc1 a6 30. Nd3 Nc8 31. Nc5+ Bxc5 32. dxc5 Ne7 33. Ke2 Ng8
34. g5 fxg5 35. fxg5 Kf5 36. Kf3 Ne7 37. b3 Ke6 38. Kf4 {=} 38... a5 39. a4 Nf5
40. Bf2 Ne7 1/2-1/2

[Event "32. Kieler Open 2019 B-Open"]
[Site "Kiel"]
[Date "2019.08.01"]
[Round "8.7"]
[White "Bräutigam, Alexander"]
[Black "Kageler, Anton Paul"]
[Result "0-1"]
[WhiteElo "1558"]
[BlackElo "1601"]
[Annotator "PH"]
[PlyCount "94"]
[EventDate "2019.??.??"]

1. c4 Nf6 2. Nc3 g6 3. g3 Bg7 4. Bg2 O-O 5. e3 d6 6. Nge2 e5 7. O-O Nbd7 8. Rb1
a5 9. b3 Re8 10. d4 c6 11. Bb2 Qc7 12. Rc1 Rb8 13. Qc2 Nh5 14. d5 f5 15. e4 Nc5
16. Ba3 Na6 17. Rfd1 Nb4 18. Bxb4 axb4 19. Na4 c5 20. Re1 {=} 20... Bh6 21. Rb1
f4 22. Bf3 fxg3 23. hxg3 Nf6 24. Kh2 Ng4+ 25. Kg2 Rf8 26. Bxg4 Bxg4 27. Ng1 Rf7
28. f3 Bd7 29. Nb2 Rbf8 30. Nd3 b5 31. Nb2 Ra8 32. Ra1 Qd8 33. cxb5 Bxb5 34.
Nc4 Bxc4 35. Qxc4 Ra5 36. Qe2 Rfa7 37. Reb1 Qg5 38. Rd1 Qe3 39. Qc2 Qc3 40. Qe2
Ra3 41. Qd3 Rxa2+ 42. Rxa2 Rxa2+ 43. Kh1 Qb2 44. Ne2 Qxe2 45. Qxe2 Rxe2 46. f4
exf4 47. e5 Rxe5 0-1

[Event "32. Kieler Open 2019 B-Open"]
[Site "Kiel"]
[Date "2019.08.01"]
[Round "8.8"]
[White "Ehrich, Dieter"]
[Black "Gerull, Dirk"]
[Result "1/2-1/2"]
[WhiteElo "1612"]
[BlackElo "1815"]
[Annotator "PH"]
[PlyCount "46"]
[EventDate "2019.??.??"]

1. c4 c6 2. g3 e6 3. Bg2 Nf6 4. Nf3 Be7 5. d4 d5 6. b3 Qa5+ 7. Bd2 Bb4 8. O-O
Bxd2 9. Qxd2 Qxd2 10. Nbxd2 Nbd7 11. Rfe1 h5 12. e4 dxe4 13. Nxe4 Nxe4 14. Rxe4
Nf6 15. Re2 O-O 16. h4 Bd7 17. Rd1 Rad8 18. Red2 Ne4 19. Rd3 Bc8 20. Ne5 Nf6
21. Bf3 Rd6 22. d5 exd5 23. cxd5 cxd5 1/2-1/2

[Event "32. Kieler Open 2019 B-Open"]
[Site "Kiel"]
[Date "2019.08.01"]
[Round "8.9"]
[White "Hogreve, Holger"]
[Black "von Koschitzky, Tilo"]
[Result "0-1"]
[WhiteElo "1434"]
[BlackElo "1774"]
[Annotator "PH"]
[PlyCount "84"]
[EventDate "2019.??.??"]

1. Nf3 f5 2. d4 g6 3. Bf4 d6 4. c3 Nf6 5. h3 Bg7 6. e3 O-O 7. Qb3+ Kh8 8. Be2
Qe8 9. Ng5 e5 10. dxe5 dxe5 11. Bh2 h6 12. Nf3 Ne4 13. Nbd2 Nd6 14. Qc2 Nd7 15.
O-O-O Qe7 16. g4 Nc5 17. Rdg1 Nce4 18. Rg2 a5 19. Bc4 Nxd2 20. Nxd2 Nxc4 21.
Nxc4 b5 22. Nd2 Bb7 23. f3 f4 24. e4 c5 25. Bg1 c4 26. a3 Rfd8 27. Bb6 Rdc8 28.
b4 cxb3 29. Nxb3 Qxa3+ 30. Qb2 Rxc3+ 31. Rc2 Rxb3 32. Qxa3 Rxa3 33. Kb2 Rxf3
34. Rd1 Bxe4 35. Rc7 Rf2+ 36. Kc1 Rc2+ 37. Rxc2 Bxc2 38. Kxc2 a4 39. Rb1 e4 40.
Rb4 a3 41. Bd4 Bxd4 42. Rxd4 a2 0-1

[Event "32. Kieler Open 2019 B-Open"]
[Site "Kiel"]
[Date "2019.08.01"]
[Round "8.10"]
[White "Eberhardt, Michael"]
[Black "Pick, Max"]
[Result "0-1"]
[WhiteElo "1761"]
[BlackElo "1515"]
[Annotator "PH"]
[PlyCount "66"]
[EventDate "2019.??.??"]

1. Nf3 d5 2. c4 c6 3. g3 Nf6 4. Bg2 Nbd7 5. O-O e5 6. cxd5 Nxd5 7. e4 N5f6 8.
Nc3 Bd6 9. d4 O-O 10. Bg5 Qe7 11. Rc1 Qd8 12. Qc2 h6 13. Bd2 Re8 14. Rcd1 Qc7
15. Rfe1 b5 16. dxe5 Nxe5 17. Nxe5 Bxe5 18. f4 Bd4+ 19. Be3 Bxe3+ 20. Rxe3 Qb6
21. Qf2 Ng4 22. Qe2 Qxe3+ 23. Qxe3 Nxe3 24. Rd6 Nxg2 25. Kxg2 b4 26. Na4 Rxe4
27. Rd8+ Kh7 28. Nc5 Re2+ 29. Kf3 Rc2 30. Nd7 f5 31. g4 g5 32. fxg5 hxg5 33.
Nf6+ Kg6 0-1

[Event "32. Kieler Open 2019 B-Open"]
[Site "Kiel"]
[Date "2019.08.01"]
[Round "8.11"]
[White "Priemer, Robert"]
[Black "Schwerdt, Anton Gabriel"]
[Result "1/2-1/2"]
[WhiteElo "1682"]
[BlackElo "1455"]
[Annotator "PH"]
[PlyCount "60"]
[EventDate "2019.??.??"]

1. f4 d5 2. d3 Nf6 3. Nc3 d4 4. Ne4 Nxe4 5. dxe4 c5 6. e3 Nc6 7. Bb5 Qa5+ 8. c3
Qxb5 9. exd4 cxd4 10. cxd4 Qb4+ 11. Qd2 Qxd2+ 12. Kxd2 Nxd4 13. Kd3 Nc6 14. Bd2
e6 15. a3 b6 16. Nf3 Ba6+ 17. Kc2 Rc8 18. Bc3 Rd8 19. Rhd1 Rxd1 20. Kxd1 h6 21.
Rc1 Bb7 22. b4 f6 23. g3 Be7 24. Nd4 Nxd4 25. Bxd4 Kd7 26. e5 f5 27. Ke1 Rc8
28. Rd1 Kc6 29. Be3 Ba6 30. Kf2 Bb7 1/2-1/2

[Event "32. Kieler Open 2019 B-Open"]
[Site "Kiel"]
[Date "2019.08.01"]
[Round "8.12"]
[White "Beyer, Mirko"]
[Black "Reimer, Eugen"]
[Result "1-0"]
[WhiteElo "1675"]
[BlackElo "1554"]
[Annotator "PH"]
[PlyCount "81"]
[EventDate "2019.??.??"]

1. d4 d5 2. g3 Bf5 3. Bg2 Nf6 4. Nf3 e6 5. Nh4 Bg6 6. Nxg6 hxg6 7. Bg5 c6 8.
O-O Bd6 9. e4 dxe4 10. Bxe4 Nbd7 11. Bg2 Qc7 12. c4 Rh5 13. Bd2 O-O-O 14. c5
Nxc5 15. dxc5 Bxc5 16. Qb3 Ng4 17. h3 Nf6 18. Bf4 e5 19. Be3 e4 20. Bxc5 Rxc5
21. Nc3 e3 22. fxe3 Qxg3 23. Rf3 Qg5 24. Rd1 Re8 25. Qxf7 Rce5 26. Qxg7 R5e6
27. a4 R8e7 28. Qf8+ Re8 29. Qb4 Rxe3 30. Rxe3 Qxe3+ 31. Kh1 Rh8 32. Qd4 Qe7
33. Rf1 Rf8 34. Ne4 Nd7 35. Rxf8+ Nxf8 36. Qxa7 Ne6 37. Qa8+ Kc7 38. Qa5+ Kc8
39. Qe5 Kd7 40. Nf6+ Kc8 41. h4 1-0

[Event "32. Kieler Open 2019 B-Open"]
[Site "Kiel"]
[Date "2019.08.01"]
[Round "8.13"]
[White "Christensen, Mats"]
[Black "Bahr, Arne"]
[Result "0-1"]
[WhiteElo "1543"]
[BlackElo "1667"]
[Annotator "PH"]
[PlyCount "70"]
[EventDate "2019.??.??"]

1. d4 g6 2. c4 Bg7 3. Nc3 d6 4. e4 e5 5. Nf3 exd4 6. Nxd4 Nc6 7. Be3 Bd7 8. Be2
Nxd4 9. Bxd4 Bxd4 10. Qxd4 Qf6 11. Qd2 Ne7 12. O-O O-O 13. b4 Nc6 14. Nd5 Qd4
15. Qh6 Qg7 16. Qxg7+ Kxg7 17. Nxc7 Rac8 18. Nd5 Rfe8 19. b5 Na5 20. Ne3 Rxe4
21. Rfd1 Be6 22. Bf3 Re5 23. Rxd6 Bxc4 24. Nxc4 Rxc4 25. b6 axb6 26. Rxb6 Rec5
27. g3 Rc1+ 28. Rxc1 Rxc1+ 29. Kg2 Rc2 30. Bd5 Rd2 31. Rb5 b6 32. Kf3 Kf8 33.
Ke3 Rd1 34. Rb4 Rxd5 35. Rxb6 Nc4+ 0-1

[Event "32. Kieler Open 2019 B-Open"]
[Site "Kiel"]
[Date "2019.08.01"]
[Round "8.14"]
[White "Welker, Alexandra"]
[Black "Gerigk, Daniel"]
[Result "1/2-1/2"]
[WhiteElo "1339"]
[BlackElo "1701"]
[Annotator "PH"]
[PlyCount "73"]
[EventDate "2019.??.??"]

1. e4 e5 2. Nf3 Nc6 3. Bc4 Nf6 4. d3 Bc5 5. Nc3 h6 6. Na4 Be7 7. Be3 d6 8. h3
Na5 9. Nc3 c6 10. O-O Nxc4 11. dxc4 Be6 12. b3 O-O 13. Qd2 Nh7 14. Ne2 f5 15.
exf5 Bxf5 16. Ng3 Bxh3 17. gxh3 Rxf3 18. Qe2 e4 19. Nxe4 Rxh3 20. Qg4 Rh4 21.
Qe6+ Kh8 22. Bd4 Qf8 23. Bb2 Re8 24. Qg6 d5 25. cxd5 cxd5 26. Ng3 Nf6 27. Bxf6
Bxf6 28. Rae1 Rd8 29. Re2 Bc3 30. Rd1 d4 31. Nf5 Rf4 32. Ng3 Rf6 33. Qh5 Kh7
34. Qe5 Rd7 35. Qe4+ Kh8 36. Nh5 Rf5 37. Ng3 1/2-1/2

h5 Kh7 34. Qe5 Rd7 35. Qe4+ Kh8 36. Nh5 Rf5 37. Ng3 1/2-1/2

[Event "32. Kieler Open 2019 B-Open"]
[Site "Kiel"]
[Date "2019.08.01"]
[Round "8.15"]
[White "Salwasser, Andrej"]
[Black "Sowa, Kay"]
[Result "0-1"]
[WhiteElo "1287"]
[BlackElo "1729"]
[Annotator "PH"]
[PlyCount "84"]
[EventDate "2019.??.??"]

1. e4 d6 2. d4 Nf6 3. Nc3 Nbd7 4. Nf3 e5 5. Bc4 Be7 6. O-O c6 7. d5 Nb6 8. Bb3
Bg4 9. Na4 Nxe4 10. c4 Nf6 11. h3 Bh5 12. g4 Bg6 13. Nh4 Qd7 14. f3 Ng8 15. Ng2
h5 16. g5 Qxh3 17. Be3 Qd7 18. Qd2 Nxa4 19. Bxa4 h4 20. Kf2 h3 21. Rh1 Rh5 22.
Rh2 hxg2 23. Kxg2 Rxh2+ 24. Kxh2 f6 25. Qg2 Bd3 26. Rc1 Qc7 27. Qg4 Qd7 28.
dxc6 bxc6 29. gxf6 Nxf6 30. Qxg7 O-O-O 31. Bxc6 Qxc6 32. Qxe7 Rh8+ 33. Kg2 Qd7
34. Qxd7+ Kxd7 35. Bxa7 Ra8 36. Bf2 Rxa2 37. Kg3 Rxb2 38. c5 d5 39. Kh4 Kc6 40.
Kg5 Nd7 41. Ra1 Rc2 42. Ra6+ Bxa6 0-1